Buffalo Sabres Roster 24-25 - Statistics

General Stats
  • This quiz has been taken 91 times
    4 since last reset
  • The average score is 18 of 22
Answer Stats
# Player % Correct
89 Alex Tuch
100%
4 Bowen Byram
100%
22 Jack Quinn
100%
78 Jacob Bryson
100%
12 Jordan Greenway
100%
13 Josh Norris
100%
23 Mattias Samuelsson
100%
25 Owen Power
100%
19 Peyton Krebs
100%
26 Rasmus Dahlin
100%
72 Tage Thompson
100%
1 Ukko-Pekka Luukkonen
100%
9 Zach Benson
100%
29 Beck Malenstyn
75%
24 Jacob Bernard-Docker
75%
47 James Reimer
75%
71 Ryan McLeod
75%
81 Sam Lafferty
75%
17 Jason Zucker
50%
-- Michael Kesselring
50%
-- Conor Timmins
25%
-- Josh Doan
25%
No matching quizzes found
Score Distribution
Percent of People with Each Score
Percentile by Number Answered
Your Score History
You have not taken this quiz since the last reset